Closest Genetic Populations to the Albanians - Statistics

General Stats
  • This quiz has been taken 62 times
  • The average score is 6 of 12
Answer Stats
Genetic Distance Ethnicity % Correct
1.067 Greek
95%
4.067 Serb
93%
2.217 Italian
91%
3.249 Macedonian
75%
2.592 Bulgarian
62%
3.667 Romanian
58%
4.073 Montenegrin
45%
4.447 Spanish
45%
4.293 French
35%
4.305 Sicilian
20%
4.874 Ashkenazi
9%
2.263 Gagauz
9%
No matching quizzes found
Score Distribution
Percent of People with Each Score
Percentile by Number Answered
Your Score History
You have not taken this quiz